000 00766nam a22002297a 4500
999 _c1639
_d1639
003 AR-CdUCM
008 190227b ||||| |||| 00| 0 spa d
040 _aMUNICIPALIDAD PROVINCIAL DEL CUSCO
_cBIBLIOTECA MUNICIPAL DEL CUSCO
041 _heng.
082 _a375.4 /
_bL54
100 _aLewis, James
_96107
245 _aLa integración diferencial del plantel docente /
260 _aArgentina :
_bEdit. Guadalupe,
_c1974.
300 _a262 paginas ;
_bdiagramas
_c23 cm.
505 _aImplementacion de programas para un desempeño educacional ...
650 _aFuncionalidad
_96108
650 _aReforma
_94889
650 _aProgramas de enseñanza
_96109
700 _aAlcalde, Ramón /traductor
_96110
942 _2ddc
_cLIBROS
945 _arjall
_d2019-02-27